Veneno (Record no. 11541)

MARC details
000 -CABECERA
campo de control de longitud fija 00803nam a2200241 4500
003 - IDENTIFICADOR DEL NÚMERO DE CONTROL
campo de control OSt
005 - FECHA Y HORA DE LA ÚLTIMA TRANSACCIÓN
campo de control 20260530113853.0
008 - DATOS DE LONGITUD FIJA--INFORMACIÓN GENERAL
campo de control de longitud fija 260508b2002 |||o|||| |||| 00| 0 eng d
040 ## - FUENTE DE LA CATALOGACIÓN
Centro catalogador/agencia de origen ICI
Lengua de catalogación spa
Centro/agencia transcriptor ICI
041 ## - CÓDIGO DE LENGUA
Código de lengua del texto/banda sonora o título independiente spa
050 ## - SIGNATURA TOPOGRÁFICA DE LA BIBLIOTECA DEL CONGRESO
Número de clasificación NK1505
Número de documento/Ítem .V46
100 1# - ENTRADA PRINCIPAL--NOMBRE DE PERSONA
Nombre de persona Carla M. Perri, Javier de Ponti • Valentina Mangioni
9 (RLIN) 31473
245 10 - MENCIÓN DE TÍTULO
Título Veneno
Resto del título diseño | objeto | producto
Mención de responsabilidad, etc. Javier de Ponti, Valentina Mangioni.
264 #1 - PRODUCCIÓN, PUBLICACIÓN, DISTRIBUCIÓN, FABRICACIÓN Y COPYRIGHT
Nombre del de productor, editor, distribuidor, fabricante México
Fecha de producción, publicación, distribución, fabricación o copyright 2002
300 ## - DESCRIPCIÓN FÍSICA
Extensión 47 páginas
338 ## - TIPO DE SOPORTE
Nombre/término del tipo de soporte volumen
Fuente rdacarrier
650 ## - PUNTO DE ACCESO ADICIONAL DE MATERIA--TÉRMINO DE MATERIA
Fuente del encabezamiento o término Diseño industrial
Subdivisión general Publicaciones periódicas.
9 (RLIN) 31474
650 ## - PUNTO DE ACCESO ADICIONAL DE MATERIA--TÉRMINO DE MATERIA
Fuente del encabezamiento o término Diseño de productos
Subdivisión general Publicaciones periódicas.
9 (RLIN) 31474
700 ## - PUNTO DE ACCESO ADICIONAL--NOMBRE DE PERSONA
Nombre de persona Carla M. Perri
Término indicativo de función/relación dir.
9 (RLIN) 31475
700 ## - PUNTO DE ACCESO ADICIONAL--NOMBRE DE PERSONA
Nombre de persona Ponti, Javier de
Títulos y otros términos asociados al nombre coor.
9 (RLIN) 31476
700 ## - PUNTO DE ACCESO ADICIONAL--NOMBRE DE PERSONA
Nombre de persona Mangioni, Valentina
Títulos y otros términos asociados al nombre asis.
9 (RLIN) 31477
942 ## - ELEMENTOS DE PUNTO DE ACCESO ADICIONAL (KOHA)
Fuente del sistema de clasificación o colocación Library of Congress Classification
Tipo de ítem Koha

No items available.